000 00535nam a2200193Ia 4500
005 20260120131203.0
008 008 260114s9999 xx 000 0 eng d
020 _a9780190239756
037 _aEBOOK
040 _aCRL
_beng
_cCRL
041 _aeng
_2eng
084 _qCRL
100 _aWhite, Wolfe, Wolfe
_9923997
245 0 _aC. S. Lewis and His Circle
260 _bOxford University PressOxford University Press
_c2015
856 _uhttps://academic.oup.com/book/9928
942 _cEBOOK
999 _c1515911
_d1515911